Statistics for Největší Obchodní Partneři - Česko

Click here to take the quiz!

General Stats

  • This quiz has been taken 106 times
  • The average score is 19 of 23

Answer Stats

vývozudovozůzemě% Correct
52,3 bil37,4 bilNěmecko
100%
13,6 bil7,13 bilSlovensko
98%
9,22 bil11,6 bilPolsko
98%
1,92 bil17,8 bilČínská lidová
republika
97%
3,48 bil3,28 bilSpojené státy
americké
97%
6,80 bil4,05 bilRakousko
97%
3,05 bil2,81 bilRusko
95%
6,79 bil6,06 bilItálie
95%
4,56 bil2,62 bilŠpanělsko
93%
8,39 bil4,48 bilFrancie
93%
8,42 bil3,75 bilSpojené království
91%
2,40 bilŠvédsko
87%
2,42 bilJaponsko
85%
4,61 bil3,74 bilNizozemsko
84%
3,72 bil2,41 bilBelgie
82%
4,66 bil3,32 bilMaďarsko
79%
1,64 bilDánsko
69%
2,36 bil1,40 bilŠvýcarsko
69%
2,08 bil1,87 bilRumunsko
67%
2,16 bil1.41 bilTurecko
59%
3,48 bilJižní Korea
57%
1,26 bilIrsko
57%
0,96 bilIzrael
18%

Score Distribution

Percentile by Number Answered

Percent of People with Each Score

Your Score History

You have not taken this quiz